000 00531nam a2200193Ia 4500
005 20250508163640.0
008 008 250505s9999 xx 000 0 eng d
020 _a0-631-18738-3
037 _aTextual
040 _aFEDL
_beng
_cFEDL
041 _aeng
_2eng
084 _a142, BRO
_qFEDL
100 _aBronner Stephen Eric
245 0 _aOf critical theory and its theorists
260 _aCambridge
_bBlackwell Publishers
_c1994
300 _avi,372p.
942 _cTEXL
_h142, BRO
999 _c1384515
_d1384515